Atlas Learning centered communication Book 2
Đã lưu trong:
| Hovedforfatter: | |
|---|---|
| Format: | Bog |
| Sprog: | Undetermined |
| Udgivet: |
Boston, MA
Heinle & Heinle Pub
1995
|
| Fag: | |
| Online adgang: | http://lrc.tdmu.edu.vn/opac/search/detail.asp?aID=2&ID=7193 |
| Tags: |
Tilføj Tag
Ingen Tags, Vær først til at tagge denne postø!
|
| Thư viện lưu trữ: | Trung tâm Học liệu Trường Đại học Thủ Dầu Một |
|---|
| LEADER | 00717nam a2200217Ia 4500 | ||
|---|---|---|---|
| 001 | TDMU_7193 | ||
| 008 | 210410s9999 xx 000 0 und d | ||
| 082 | |a 428 | ||
| 090 | |b N512 | ||
| 100 | |a Nunan, David | ||
| 245 | 0 | |a Atlas | |
| 245 | 0 | |b Learning centered communication | |
| 245 | 0 | |c David Nunan | |
| 245 | 0 | |n Book 2 | |
| 260 | |a Boston, MA | ||
| 260 | |b Heinle & Heinle Pub | ||
| 260 | |c 1995 | ||
| 300 | |a 136 p. | ||
| 650 | |a English language |x Textbooks for foreign speakers; Anh ngữ |x Sách giáo khoa cho người nói tiếng nước ngoài | ||
| 856 | |u http://lrc.tdmu.edu.vn/opac/search/detail.asp?aID=2&ID=7193 | ||
| 980 | |a Trung tâm Học liệu Trường Đại học Thủ Dầu Một | ||